| 000 | 00880cab a2200229 4500 | ||
|---|---|---|---|
| 001 | WB3344-43 | ||
| 008 | 090401t1997 xxu||||| |||| 00| 0 eng d | ||
| 035 | _a(Sirsi) u82003 | ||
| 041 | _aeng | ||
| 245 | _aPlanning permission | ||
| 260 | _c1997 | ||
| 350 | _a0 | ||
| 490 |
_aEstates Gazette Case Summaries _v[1997] EGCS 144 (8/11/97) |
||
| 520 | _a"R v Alnwick DC, ex parte Robson", QBD 29 October 1997. District Council failed to notify members of the public of the date, time and place of a meeting of the planning committee. Applicants sought judicial review to quash decision of the committee made at that meeting. Application granted. | ||
| 650 | _aPLANNING COMMITTEES | ||
| 650 | _aPLANNING PERMISSION | ||
| 650 | _aPUBLIC MEETING | ||
| 650 | _aR V ALNWICK DC EX P ROBSON | ||
| 690 | _aPLANNING LAW AND PRACTICE-CASE LAW | ||
| 942 | _n0 | ||
| 948 | _c11/11/1997 | ||
| 999 |
_c51712 _d51712 |
||